Normal view
MARC view
- Bible- English
Entry Topical Term
001 - CONTROL NUMBER
- control field: 37230
003 - CONTROL NUMBER IDENTIFIER
- control field: NUST
005 - DATE AND TIME OF LATEST TRANSACTION
- control field: 20210314130226.0
008 - FIXED-LENGTH DATA ELEMENTS
- fixed length control field: 210314|| aca||aabn | a|a d
040 ## - CATALOGING SOURCE
- Original cataloging agency: NUST
- Transcribing agency: NUST
150 ## - HEADING--TOPICAL TERM
- Topical term or geographic name entry element: Bible- English
670 ## - SOURCE DATA FOUND
- Source citation: Work cat.: (NUST): The Gospel of barnabas, 1907
